| 000 | 01014nam a22003137a 4500 | ||
|---|---|---|---|
| 001 | BR9402855 | ||
| 003 | BR-BrBNA | ||
| 005 | 20230928094152.0 | ||
| 007 | ta | ||
| 008 | 230509b bl.||||| |||| 00| 0 por d | ||
| 040 |
_aBR-BrBNA _bpor _cBiblioteca Nacional de Agricultura |
||
| 041 | _a(Por) | ||
| 072 |
_aL53 _b5217 |
||
| 090 | _ 5217 BR9402855 | ||
| 100 | 1 | _aBaruselli, P.S. | |
| 110 | 1 |
_aUniversidade de Sao Paulo, SP (Brasil). Faculdade de Medicina Veterinaria e Zootecnia _0Tese (Mestre em Reproducao Animal) _910560 |
|
| 245 | 1 | _aAtividade ovariana e comportamento reprodutivo no periodo pos-parto em bufalos (Bubalus bubalis) | |
| 260 | 3 |
_aSao Paulo, SP (Brasil): _c1992. |
|
| 300 | _a99 p. | ||
| 500 | _a12 illus.; 8 tables; Summaries (Eng, Por); Bibliography p. 82-99 (108 ref.) | ||
| 650 | _aBufalo | ||
| 650 | _aFemea | ||
| 650 | _aOvario | ||
| 650 | _aProgesterona | ||
| 650 | _aPlacenta | ||
| 650 | _aEficiencia Reprodutiva | ||
| 909 |
_a202309 _bLucia _c55 _dLucia Elande |
||
| 942 | _cBK | ||
| 999 |
_c49196 _d49196 |
||